000 00431nam a2200181Ia 4500
005 20260604111121.0
008 131103s9999 xx 000 0 und d
040 _aLoreto College
041 _aEnglish
082 _a843
_bBAZ
100 _aBazin, Rene
245 _aMagnificat
_cRene Bazin
260 _aParis
_bCalmann Levy Editeurs
_c1931
300 _a285p.
650 _aFrench fiction
850 _aLCLIB
942 _cBK
999 _c23822
_d74301